[Event "Voskresensk2"]
[Site "Voskresensk"]
[Date "1993.??.??"]
[Round "?"]
[White "Tataev, Manach"]
[Black "Kasimdzhanov, Rustam"]
[Result "0-1"]
[WhiteElo "2395"]
[BlackElo "2360"]

1.d4 d5 2.c4 e6 3.Nc3 c6 4.e4 dxe4 5.Nxe4 Bb4+ 6.Bd2 Qxd4 7.Bxb4 Qxe4+ 8.Be2 Ne7
9.Nf3 Nd5 10.Nd2 Qd4 11.Ba3 Nf4 12.O-O Nd7 13.Re1 Ne5 14.Bf1 f5 15.h3 Bd7
16.Nb3 Qxd1 17.Raxd1 Nfg6 18.Nc5 O-O-O 19.b3 Nf7 20.Bd3 Rhe8 21.Bb2 b6 22.Nxd7 Rxd7
23.c5 Kc7 24.cxb6+ axb6 25.Kf1 Nf4 26.Bc2 g5 27.Rc1 Nd3 28.Bxd3 Rxd3 29.Rc2 e5
30.f3 Kd7 31.Ke2 Rd5 32.g4 e4 33.Kf2 Nd6 34.Rce2 exf3 35.Rxe8 Nxe8 36.Be5 f4
37.Kxf3 Rd3+ 38.Ke4 Rxh3 39.Kf5 h6 40.Rd1+ Ke7 41.Rc1 c5 42.Re1 Re3 43.Rh1 f3
44.Rf1 Nd6+ 45.Bxd6+ Kxd6 46.Kg6 Ke5 47.Kxh6 Kf4  0-1

[Event "Voskresensk2"]
[Site "Voskresensk"]
[Date "1993.??.??"]
[Round "?"]
[White "Mesropov, Konstantin"]
[Black "Kasimdzhanov, Rustam"]
[Result "1/2-1/2"]
[WhiteElo "2370"]
[BlackElo "2360"]

1.d4 d5 2.c4 e6 3.Nc3 c6 4.cxd5 exd5 5.Bf4 Bf5 6.e3 Nf6 7.Bd3 Bg6 8.Nf3 Nbd7
9.O-O Be7 10.Ne5 Bxd3 11.Nxd3 O-O 12.Qb3 Qb6 13.Qc2 Nh5 14.Be5 Nxe5 15.Nxe5 Nf6
16.Rab1 Bd6 17.Qf5 Rfe8 18.f4 Qc7  1/2-1/2

[Event "Voskresensk2"]
[Site "Voskresensk"]
[Date "1993.??.??"]
[Round "?"]
[White "Kasimdzhanov, Rustam"]
[Black "Kiriakov, Petr"]
[Result "1/2-1/2"]
[WhiteElo "2360"]
[BlackElo "2385"]

1.e4 e6 2.d4 d5 3.Nc3 Nf6 4.exd5 exd5 5.Bd3 Nc6 6.Nge2 Nb4 7.O-O Be7 8.Ng3 O-O
9.Be2 Re8 10.Be3 Bd6 11.Qd2 Bxg3 12.hxg3 Bg4 13.Bf3 h6 14.Bf4 Bxf3 15.gxf3 Nh5
16.Be3 Qd7 17.Kg2 Qf5 18.Rac1 Nf6 19.Rh1 Nh7 20.Rh4 f6 21.Ne2 Nc6 22.Rch1 Ng5
23.Nf4 Ne7 24.g4 Qd7 25.Qd3 a6 26.b3 Kf7 27.Ne2 Ng6 28.Rh5 Rad8 29.Ng3 Qd6
30.Qd2 Qd7 31.Qd3 Qd6 32.Qd2 Qd7 33.Qd3  1/2-1/2

[Event "Voskresensk2"]
[Site "Voskresensk"]
[Date "1993.??.??"]
[Round "?"]
[White "Kasimdzhanov, Rustam"]
[Black "Nadanian, Ashot"]
[Result "1-0"]
[WhiteElo "2360"]
[BlackElo "2285"]

1.e4 c5 2.Nc3 e6 3.Nge2 d5 4.exd5 exd5 5.Nf4 d4 6.Ne4 Nf6 7.Bd3 Nbd7 8.Qe2 Nxe4
9.Bxe4 Ne5 10.Bxb7 Bxb7 11.Qxe5+ Qe7 12.Qxe7+ Bxe7 13.O-O g5 14.Ne2 d3 15.cxd3 Ba6
16.Nc3 O-O-O 17.b3 Rxd3 18.Re1 Bf6 19.Ba3 Rxd2 20.Rac1 Bxc3 21.Bxc5 Rxa2
22.Rxc3 Kb8 23.h3 f5 24.Re7 Ra1+ 25.Kh2 Rd8 26.Bxa7+ Ka8 27.Bb6 Rdd1 28.Rcc7  1-0

[Event "Voskresensk2"]
[Site "Voskresensk"]
[Date "1993.??.??"]
[Round "?"]
[White "Kasimdzhanov, Rustam"]
[Black "Nikitin, Aleksander S"]
[Result "1/2-1/2"]
[WhiteElo "2360"]
[BlackElo "2430"]

1.e4 d5 2.exd5 Qxd5 3.Nc3 Qa5 4.d4 Nf6 5.Nf3 Bg4 6.h3 Bh5 7.g4 Bg6 8.Ne5 c6
9.h4 Nbd7 10.Nc4 Qc7 11.h5 Be4 12.Nxe4 Nxe4 13.Qf3 Nd6 14.Bf4 Nb6 15.Ne5 Nd5
16.Bd2 Qb6 17.c3 Qxb2 18.Rd1 e6  1/2-1/2

[Event "Voskresensk2"]
[Site "Voskresensk"]
[Date "1993.??.??"]
[Round "?"]
[White "Kozlov, Vladimir N"]
[Black "Kasimdzhanov, Rustam"]
[Result "1/2-1/2"]
[WhiteElo "2280"]
[BlackElo "2360"]

1.d4 d5 2.c4 e6 3.Nf3 c6 4.Nbd2 Nf6 5.g3 Be7 6.Bg2 O-O 7.O-O b6 8.Qc2 Bb7
9.e4 dxe4 10.Nxe4 Nxe4 11.Qxe4 Nd7 12.Rd1 Qc8 13.Qe2 Re8 14.Bg5 Bf8 15.Rac1 c5
16.dxc5 Nxc5 17.b4 Ne4 18.c5 bxc5 19.bxc5 Nxg5 20.Nxg5 Bxg2 21.Kxg2 Qc6+
22.Kg1 h6 23.Ne4 Rec8 24.Qe3 Rc7 25.Nd6 Rb8 26.h4 Rb4 27.a3 Ra4 28.Qb3 Ra5
29.a4 Rxc5 30.Rxc5 Qxc5 31.Nb5 Rc8 32.Rd7 a6 33.Nd4 Qc4 34.Qf3 e5 35.Nf5 Qc6
36.Qxc6 Rxc6 37.Rd8 Re6 38.h5 f6 39.Rd7 Rb6 40.Ra7 Rc6 41.Kg2 Rc2 42.Ne3 Rc6
43.Nf5 Rc2 44.Ne3 Rc6 45.g4 Bc5 46.Ra8+ Kh7 47.Nf5 g6 48.hxg6+  1/2-1/2

[Event "Wch U16"]
[Site "Szeged"]
[Date "1994.??.??"]
[Round "2"]
[White "Pergel, Laszlo"]
[Black "Kasimdzhanov, Rustam"]
[Result "1/2-1/2"]
[WhiteElo "2030"]
[BlackElo "2360"]

1.e4 c5 2.Nf3 e6 3.Nc3 d6 4.d4 cxd4 5.Nxd4 Nc6 6.g3 Nf6 7.Bg2 Bd7 8.O-O Be7
9.Re1 O-O 10.Nxc6 bxc6 11.e5 dxe5 12.Rxe5 Qc7 13.Re1 Rfd8 14.Bg5 h6 15.Bf4 Qb7
16.Be5 Be8 17.Qe2 Nd7 18.Bd4 e5 19.Bxe5 Nxe5 20.Qxe5 Bf6 21.Qf5 Bd7 22.Qb5 Qxb5
23.Nxb5 cxb5 24.Bxa8 Rxa8 25.c3 a5 26.Rad1 Be6 27.a3 Rb8 28.Re4 Rb6 29.f3 g6
30.Kf2 Kg7 31.Rd2 Kf8 32.Rd1 Bf5 33.Re2 b4 34.cxb4 axb4 35.axb4 Rxb4 36.Rdd2 h5
37.h4 Bc8 38.Re4 Rxe4 39.fxe4 Ke7 40.Rc2 Kd7 41.Kf3 Kd8 42.Kf4 Be6 43.Re2 Kc7
44.Rd2 Kb6 45.e5 Be7 46.Rc2 Bd8 47.Re2 Kc5 48.Rc2+ Kb4 49.Rc6 Kb5 50.Rc2 Ba5
51.Kg5 Be1 52.Rg2 Kc4 53.Rg1 Bf2 54.Rg2 Bd4 55.Kf6 Kd3 56.b4 Ke4 57.Re2+ Kd3
58.Rh2 Bc4 59.Rh1 Ke4 60.Re1+ Kf3 61.b5 Bb6 62.Rc1 Bd5 63.Rd1 Ke4 64.Rxd5 Kxd5
65.Kxf7 Kxe5 66.Kxg6 Bf2 67.Kxh5 Bxg3  1/2-1/2

[Event "Wch U16"]
[Site "Szeged"]
[Date "1994.??.??"]
[Round "5"]
[White "Kasimdzhanov, Rustam"]
[Black "Galyas, Miklos"]
[Result "1-0"]
[WhiteElo "2360"]
[BlackElo "2245"]

1.e4 e6 2.d4 d5 3.Nc3 Nf6 4.Bg5 Bb4 5.e5 h6 6.Bd2 Bxc3 7.bxc3 Ne4 8.Qg4 g6
9.Bc1 Nxc3 10.Bd3 Nc6 11.Nf3 Nb4 12.Bd2 Nxd3+ 13.cxd3 Na4 14.O-O Bd7 15.Rab1 Nb6
16.Rfc1 a6 17.Ba5 Bb5 18.Rb3 Qd7 19.Rbc3 Bc6 20.Nd2 Qe7 21.f4 Nc8 22.Rb3 Qd8
23.Qe2 Ne7 24.Nf3 Nf5 25.Be1 h5 26.Ba5 Kf8 27.g3 Kg7 28.Be1 Qg8 29.h3 Qh7
30.Bf2 Qh6 31.Ng5 a5 32.Qb2 Rhd8 33.Rc5 a4 34.Rb4 a3 35.Qc1 Ra6 36.Kg2 Rda8
37.Nf3 Qh8 38.Qc3 Ra4 39.Rb1 R8a6 40.g4 Nh6 41.Bh4 Qe8 42.Qd2 Rb6 43.Rxb6 cxb6
44.Rc1 Ra5 45.f5 Rb5 46.f6+ Kh7 47.Kg3 Rb2 48.Rc2 Rxc2 49.Qxc2 Qf8 50.Qb3 b5
51.Bg5 Qa8 52.Bc1 Qa4 53.Bxa3 b4 54.Bxb4 Qxb3 55.axb3 Bb5 56.Bf8 g5 57.Nxg5+ Kg6
58.Bxh6  1-0

[Event "Wch U16"]
[Site "Guarapuava"]
[Date "1995.??.??"]
[Round "2"]
[White "Kasimdzhanov, Rustam"]
[Black "Svicevic, Rastko"]
[Result "1-0"]
[WhiteElo "2435"]
[BlackElo "2265"]

1.Nf3 c5 2.b3 Nf6 3.Bb2 e6 4.e3 Be7 5.d4 cxd4 6.exd4 O-O 7.Bd3 Nc6 8.O-O b6
9.Re1 Bb7 10.Nbd2 Rc8 11.a3 d5 12.Ne5 Nxe5 13.dxe5 Nd7 14.Nf3 Nc5 15.Nd4 Ba6
16.b4 Bxd3 17.cxd3 Nd7 18.f4 g6 19.g4 b5 20.f5 Qb6 21.Kh1 Rfe8 22.Qf3 Bh4
23.Re2 exf5 24.e6 fxe6 25.gxf5 gxf5 26.Rg1+ Kf8 27.Qh5  1-0

[Event "Wch U16"]
[Site "Guarapuava"]
[Date "1995.??.??"]
[Round "3"]
[White "Dervishi, Erald"]
[Black "Kasimdzhanov, Rustam"]
[Result "1/2-1/2"]
[WhiteElo "2310"]
[BlackElo "2435"]

1.e4 c5 2.Nf3 d6 3.d4 cxd4 4.Nxd4 Nf6 5.Nc3 Nc6 6.Bc4 e6 7.Be3 a6 8.Qe2 Qc7
9.O-O-O Na5 10.Bb3 b5 11.f3 Bb7 12.g4 Rc8 13.g5 Nd7 14.h4 Nc5 15.Kb1 b4 16.Na4 Naxb3
17.axb3 Be7 18.h5 O-O 19.g6 Bf6 20.Qh2 Rfe8 21.gxf7+ Kxf7 22.Rhe1 Nxa4 23.bxa4 d5
24.Bf4 e5 25.Bg3 dxe4 26.fxe4 Red8 27.Qe2 Qc4 28.Qxc4+ Rxc4 29.Nf5 Bxe4 30.Rxd8 Bxf5
31.Rd3 Bxd3 32.cxd3 Rc5 33.Bf2 Ra5 34.b3 Rd5 35.Kc2 Ke6 36.Re4 a5 37.Be3 Kf5
38.Rc4 Bd8 39.Kd2 Bg5 40.Ke2 Bxe3 41.Kxe3 Kg5 42.Rc7 Kh6 43.Ke4 Rd4+ 44.Ke3 Rd6
45.Rc5 Kxh5 46.Rxa5 g5 47.Rb5 g4 48.Rxb4 Rf6 49.Rb7 h6 50.a5 g3 51.Rg7 Kh4
52.b4 Rf4 53.b5 Rg4 54.Rxg4+ Kxg4 55.a6  1/2-1/2

[Event "Wch U16"]
[Site "Guarapuava"]
[Date "1995.??.??"]
[Round "4"]
[White "Kasimdzhanov, Rustam"]
[Black "Mastrovasilis, Athanasios"]
[Result "1/2-1/2"]
[WhiteElo "2435"]
[BlackElo "2210"]

1.d4 Nf6 2.Nf3 e6 3.Bg5 h6 4.Bh4 c5 5.e3 Be7 6.c3 b6 7.Nbd2 Bb7 8.h3 Ne4
9.Nxe4 Bxe4 10.Bg3 Nc6 11.Nd2 Bg6 12.Ba6 Bh4 13.Bd6 cxd4 14.exd4 Qg5 15.Qf3 Bh5
16.g4 Bg6 17.Bb7 Rd8 18.Bxc6 dxc6 19.Qxc6+ Rd7 20.Nf1 h5 21.Rg1 Bd3 22.Be5 Ke7
23.Qf3 Qg6 24.Ne3 f6 25.Bh2 Bg5 26.h4 hxg4 27.Rxg4 Rxh4 28.Rxh4 Bxh4 29.O-O-O Bg5
30.Bf4 Be4 31.Qg3 Bxf4 32.Qxf4 Bc6 33.Qh2 Qh6 34.Qg3 Kf7 35.b3 Qg6 36.Qb8 Qe4
37.Qh8 Qf4 38.Rg1 g5 39.Qh7+ Ke8 40.Qh3 Re7 41.Rf1 f5 42.Kb2 b5 43.Qh8+ Kd7
44.c4 Bg2 45.Nxg2 Qd2+ 46.Ka3  1/2-1/2

[Event "Wch U16"]
[Site "Guarapuava"]
[Date "1995.??.??"]
[Round "5"]
[White "Parligras, Mircea"]
[Black "Kasimdzhanov, Rustam"]
[Result "0-1"]
[WhiteElo "2290"]
[BlackElo "2435"]

1.e4 c5 2.Nc3 Nc6 3.g3 g6 4.Bg2 Bg7 5.d3 d6 6.Be3 Qa5 7.Qd2 Nd4 8.f4 Nf6
9.h3 O-O 10.Nf3 Nxf3+ 11.Bxf3 Rb8 12.g4 b5 13.O-O b4 14.Ne2 Qc7 15.c4 bxc3
16.bxc3 Bb7 17.c4 Nd7 18.Rab1 Bc6 19.Qc2 Qa5 20.Nc1 Ba4 21.Nb3 Bxb3 22.Rxb3 Rxb3
23.axb3 Rb8 24.Bd2 Qa3 25.Rb1 Nf8 26.Bc3 Bxc3 27.Qxc3 Ne6 28.f5 Nd4 29.Bd1 Qa2
30.Qb2 Qa5 31.Kf2 Qc7 32.Kg2 Qb6 33.Qc3 Qb7 34.Kf2 Qc7 35.Kg2 gxf5 36.gxf5 Kh8
37.Rb2 Rg8+ 38.Bg4 h5 39.Qd2 Kh7 40.Qf4 hxg4 41.hxg4 f6 42.Kf1 Kg7 43.g5 fxg5
44.Qxg5+ Kf8 45.Qh6+ Ke8 46.b4 d5 47.f6 Qg3 48.Qh5+ Rg6 49.f7+ Kxf7 50.Rf2+ Kg7  0-1

[Event "Wch U16"]
[Site "Guarapuava"]
[Date "1995.??.??"]
[Round "7"]
[White "Leitao, Rafael"]
[Black "Kasimdzhanov, Rustam"]
[Result "1/2-1/2"]
[WhiteElo "2360"]
[BlackElo "2435"]

1.d4 Nf6 2.c4 e6 3.Nc3 Bb4 4.Qc2 c5 5.dxc5 O-O 6.a3 Bxc5 7.Nf3 b6 8.e3 Bb7
9.Bd3 Be7 10.O-O Bxf3 11.gxf3 Nc6 12.f4 Rc8 13.b3 Na5 14.Bb2 a6 15.Kh1 Nb7
16.b4 Nd6 17.Qe2 Qc7 18.Rac1 Kh8 19.Rg1 Rg8 20.Rg2 Nde8 21.Rcg1 g6 22.f5 Rg7
23.fxg6 fxg6 24.Ne4 Kg8 25.Ng5 Qc6 26.e4 a5 27.b5 Qb7 28.h4 Rc5 29.Bd4 Rc8
30.Qe3 Bc5 31.Bxc5 Rxc5 32.f4 e5  1/2-1/2

[Event "Wch U16"]
[Site "Guarapuava"]
[Date "1995.??.??"]
[Round "8"]
[White "Kasimdzhanov, Rustam"]
[Black "Stevic, Hrvoje"]
[Result "0-1"]
[WhiteElo "2435"]
[BlackElo "2340"]

1.Nf3 Nf6 2.b3 g6 3.Bb2 Bg7 4.g3 d6 5.d4 O-O 6.Bg2 Nbd7 7.O-O c6 8.a4 a5
9.Nbd2 Qc7 10.e4 e5 11.dxe5 dxe5 12.Re1 Re8 13.Nc4 Bf8 14.Ra2 b5 15.Ne3 Bb7
16.Qa1 Bg7 17.Nd2 Nc5 18.Bc3 bxa4 19.bxa4 Nfd7 20.Nec4 f6 21.Rb1 Bc8 22.Nb3 Nxb3
23.cxb3 Nc5 24.Bxa5 Qb8 25.Bb6 Nd7 26.Be3 Ba6 27.Rd2 Bxc4 28.bxc4 Rxa4 29.Qxa4 Qxb1+
30.Bf1 Nb8 31.c5 Bf8 32.Qc4+ Kg7 33.Kg2 Qb7 34.Be2 Qf7 35.Qc1 Kh8 36.Bc4 Qa7
37.Bb3 Qa6 38.Qc3 Qb5 39.f4 exf4 40.Bd4 Nd7 41.gxf4 Bg7 42.Bf2 Nf8 43.Bd4 Nd7
44.Rb2 Qa6 45.Bc4 Qc8 46.Re2 Qb8 47.Kf3 Qc8 48.Kg2 Qb8 49.Kf3 Qc8 50.Ba2 g5
51.Rg2 gxf4 52.Kxf4 Ne5 53.Qg3 Bh6+  0-1

[Event "Wch U16"]
[Site "Guarapuava"]
[Date "1995.??.??"]
[Round "11"]
[White "Yu Shaoteng"]
[Black "Kasimdzhanov, Rustam"]
[Result "1/2-1/2"]
[WhiteElo "2290"]
[BlackElo "2435"]

1.e4 c5 2.Nf3 d6 3.d4 cxd4 4.Nxd4 Nf6 5.Nc3 Nc6 6.Be2 e6 7.O-O Be7 8.Be3 O-O
9.f4 e5 10.fxe5 dxe5 11.Nf5 Bxf5 12.Rxf5 Qa5 13.Bd3 Bc5 14.Bxc5 Qxc5+ 15.Kh1 Qd6
16.Qd2 Nd4 17.Rff1 Rad8 18.Rad1 b5 19.Nd5 Nxd5 20.exd5 b4 21.c3 bxc3 22.bxc3 Nc6
23.dxc6 e4 24.Ba6 Qxd2 25.Rxd2 Rxd2 26.c7 e3 27.Kg1 Rxa2 28.c8=Q Rxc8 29.Bxc8 Rc2
30.Bb7 Rxc3 31.Bd5 Rc7 32.Re1 Rc3 33.Kf1 g6 34.Ke2 Rc7 35.Kxe3 Re7+ 36.Kf2 Rxe1
37.Kxe1 Kg7 38.Kd2 f5 39.Ke3 Kf6 40.Kd4 h5 41.Bf3 h4 42.Bd1 a5 43.Kd5 h3
44.g3 f4 45.g4 Kg5 46.Ke4 a4 47.Bxa4 Kxg4 48.Bd7+ Kg5 49.Bxh3 Kf6 50.Kxf4 g5+  1/2-1/2

[Event "Wch U20"]
[Site "Halle"]
[Date "1995.??.??"]
[Round "1"]
[White "Kasimdzhanov, Rustam"]
[Black "Mifsud, Timothy"]
[Result "1/2-1/2"]
[WhiteElo "2435"]
[BlackElo "2165"]

1.e4 c5 2.Nf3 e6 3.d4 cxd4 4.Nxd4 Nf6 5.Nc3 Nc6 6.Ndb5 d6 7.Bf4 e5 8.Bg5 a6
9.Na3 b5 10.Nd5 Be7 11.Bxf6 Bxf6 12.c3 O-O 13.Nc2 Bg5 14.g3 Ne7 15.Bg2 Nxd5
16.Qxd5 Be6 17.Qd1 Rc8 18.O-O Bc4 19.Re1 Rc5 20.a4 Bb3 21.axb5 axb5 22.Qd3 Bc4
23.Qf3 d5 24.Nb4 d4 25.cxd4 Qxd4 26.Qa3 Rcc8 27.Red1 Qc5 28.Nd5 Qxa3 29.Rxa3 b4
30.Ra7 b3 31.h4 Be2 32.hxg5 Bxd1 33.Ne7+ Kh8 34.Nxc8 Rxc8 35.Rxf7 Kg8 36.Rb7 Rc1
37.Kh2 Rb1 38.Bf1 Rxb2 39.Bc4+ Kf8 40.Kg2 Bc2 41.Bd5 Rb1 42.Rf7+ Ke8 43.Rxg7 Rd1
44.Rb7 Rd2 45.Rb4 b2 46.Ba2 Re2 47.Kf3 Bd1 48.Rb5 Kf8 49.Bb1 Rd2+ 50.Kg2 Bc2
51.Bxc2 Rxc2 52.Kf3 Kg7 53.Ke3 Kg6 54.f4 Rc3+ 55.Kf2 Rc2+ 56.Kf3 Kh5 57.fxe5 Kxg5
58.Ke3 Kg6 59.Rb7 Rc3+ 60.Kf4 Rc2 61.Rb6+ Kf7 62.g4 Rf2+ 63.Kg5 Ke7 64.e6 Kd8
65.Rb7 Kc8 66.Rb5 Kd8 67.Rb7 Kc8 68.Rb6 Kd8 69.Kh6 Rg2 70.Rb7  1/2-1/2

[Event "Wch U20"]
[Site "Halle"]
[Date "1995.??.??"]
[Round "7"]
[White "Kasimdzhanov, Rustam"]
[Black "Istratescu, Andrei"]
[Result "0-1"]
[WhiteElo "2435"]
[BlackElo "2505"]

1.e4 c5 2.c3 e6 3.d4 d5 4.exd5 exd5 5.Nf3 Nc6 6.Be3 cxd4 7.Nxd4 Bd6 8.Nd2 Nf6
9.Be2 O-O 10.O-O h6 11.N4f3 Re8 12.h3 a6 13.Re1 Bc7 14.Bf1 Ne4 15.g3 Bd7
16.Bg2 Qf6 17.Qb3 Na5 18.Qxd5 Rad8 19.Qh5 Nc4 20.b3 Nxe3 21.Rxe3 Bb6 22.Rd1 Rc8
23.Qd5 Bc6 24.Qh5 Bb5 25.a4 Bd7 26.Qd5 Nxc3 27.Rxc3 Rxc3 28.Qxd7 Rd8 29.Qg4 Rc7
30.Re1 Bd4 31.Nxd4 Rxd4 32.Re8+ Kh7 33.Qe2 Rd8 34.Rxd8 Qxd8 35.Bxb7 a5 36.Qe5 Qe7
37.Be4+ g6 38.Qd4 Rd7 39.Qc4 Qf6 40.Kg2 Rxd2 41.Bf3 Kg7 42.Qc5 Qd4 43.Qxd4+ Rxd4
44.Be2 Rd2 45.Kf3 Rb2 46.Bc4 f5 47.h4 Kf6 48.Ke3 g5 49.hxg5+ hxg5 50.Bg8 Ke7
51.Bc4 Kd6 52.Bg8 Rc2 53.Bc4 Kc5 54.Be6 Rc3+ 55.Ke2 f4  0-1

[Event "Wch U20"]
[Site "Halle"]
[Date "1995.??.??"]
[Round "9"]
[White "Kasimdzhanov, Rustam"]
[Black "Gabriel, Christian"]
[Result "0-1"]
[WhiteElo "2435"]
[BlackElo "2475"]

1.d4 Nf6 2.c4 g6 3.Nc3 Bg7 4.e4 d6 5.f3 O-O 6.Bg5 c5 7.d5 e6 8.Nge2 h6 9.Be3 exd5
10.cxd5 a6 11.a4 Nbd7 12.g4 Ne5 13.Ng3 Bxg4 14.fxg4 Nfxg4 15.Bg1 f5 16.Be2 Qh4
17.exf5 gxf5 18.Kd2 f4 19.Bxg4 fxg3 20.h3 g2 21.Rh2 Rf1 22.Be6+ Kh8 23.Rxg2 Nf3+
24.Kc2 Rxd1 25.Rxd1 Ne1+  0-1

[Event "Wch U20"]
[Site "Halle"]
[Date "1995.??.??"]
[Round "10"]
[White "Kasimdzhanov, Rustam"]
[Black "Irzhanov, Ruslan"]
[Result "0-1"]
[WhiteElo "2435"]
[BlackElo "2480"]

1.Nf3 g6 2.e4 Bg7 3.d4 d6 4.c3 Nf6 5.Bd3 O-O 6.O-O Nc6 7.Na3 Nh5 8.Re1 e5
9.Nc2 Bg4 10.Be2 Nf4 11.Bxf4 exf4 12.Qd2 g5 13.d5 Bxf3 14.Bxf3 Ne5 15.Be2 Qf6
16.Nd4 g4 17.Nf5 f3 18.Bd1 fxg2 19.Kxg2 Kh8 20.Rg1 Rg8 21.Kh1 Bf8 22.h3 gxh3
23.Rxg8+ Kxg8 24.Bh5 Ng6 25.Rg1 Re8 26.f3 c6 27.Rg3 Qe5 28.dxc6 bxc6 29.Rxh3 d5
30.Nh6+ Bxh6 31.Qxh6 dxe4 32.fxe4 Qxe4+ 33.Bf3 Qb1+ 34.Kh2 Qxb2+ 35.Bg2 Qb8+
36.Kg1 Qb6+ 37.Kh2 Qc7+ 38.Kg1 f5 39.Bf1 Re4 40.Bd3 Rg4+ 41.Kh1 Qe7  0-1

[Event "Wch U20"]
[Site "Halle"]
[Date "1995.??.??"]
[Round "11"]
[White "Hagesaether, Paal Vegard"]
[Black "Kasimdzhanov, Rustam"]
[Result "0-1"]
[WhiteElo "2155"]
[BlackElo "2435"]

1.e4 c5 2.Nc3 Nc6 3.g3 g6 4.Bg2 Bg7 5.d3 d6 6.f4 e6 7.Nf3 Nge7 8.O-O O-O
9.Be3 Rb8 10.Bf2 Nd4 11.e5 Nxf3+ 12.Bxf3 dxe5 13.fxe5 b6 14.Re1 Nf5 15.Nb5 a6
16.Na7 Bd7 17.Nc6 Bxc6 18.Bxc6 Qc7 19.Bg2 Bxe5 20.c3 Rbd8 21.Qe2 Bg7 22.Rad1 h5
23.Kh1 a5 24.Qe4 Rd7 25.Qc4 Rfd8 26.a3 Qb8 27.Bc6 Rd6 28.Bg2 R8d7 29.Qb5 Qd8
30.Bc6 Rc7 31.Be4 Ne7 32.Be3 Rcd7 33.Bg1 Nd5 34.Rc1 Nf6 35.Bc6 Rc7 36.Bg2 Ng4
37.Re2 h4 38.gxh4 Qxh4 39.Qc4 Qg5 40.Ree1 Rcd7 41.Qe4 Ne5 42.d4 Ng4 43.h3 Nh6
44.Bh2 cxd4 45.Bxd6 Rxd6 46.h4 Qd8 47.Qa8 Qxa8 48.Bxa8 Nf5 49.Re2 Ne3 50.Rb1 Nf5
51.cxd4 Bxd4 52.Rd1 e5 53.Rh2 e4 54.h5 gxh5 55.Rg2+ Kf8 56.Re1 h4 57.b3 Ng3+
58.Kh2 f5 59.Kh3 Bf6 60.b4 Rd3 61.Ra2 Nh5+ 62.Kh2 Be5+ 63.Kh1 Rh3+ 64.Kg1 Bd4+
65.Kf1 Nf4  0-1

[Event "Wch U20"]
[Site "Halle"]
[Date "1995.??.??"]
[Round "12"]
[White "Kasimdzhanov, Rustam"]
[Black "Georgiev, Vladimir"]
[Result "0-1"]
[WhiteElo "2435"]
[BlackElo "2440"]

1.e4 c5 2.Nf3 Nc6 3.d4 cxd4 4.Nxd4 Nf6 5.Nc3 d6 6.Be2 g6 7.O-O Bg7 8.Nb3 O-O
9.Kh1 a6 10.a4 Be6 11.Bg5 Qc8 12.f4 Rd8 13.Bf3 Nb4 14.Rc1 Bc4 15.Be2 Qc7
16.Nd2 Bxe2 17.Qxe2 h6 18.Bh4 Rac8 19.f5 g5 20.Be1 Nd7 21.Rf3 Ne5 22.Rg3 d5
23.exd5 Nxd5 24.Nxd5 Rxd5 25.Nf1 Qc4 26.Qxc4 Nxc4 27.b3 Rxf5 28.Bb4 Nd6 29.Ne3 Rf4
30.Nd5 Rxc2 31.Re1 Re4 32.Nxe7+ Kh7 33.Rxe4 Nxe4 34.Re3 Nf2+  0-1

[Event "Wch U20"]
[Site "Halle"]
[Date "1995.??.??"]
[Round "13"]
[White "Zhu Chunhui"]
[Black "Kasimdzhanov, Rustam"]
[Result "1-0"]
[WhiteElo "2350"]
[BlackElo "2435"]

1.e4 c5 2.Nf3 d6 3.d4 cxd4 4.Nxd4 Nf6 5.Nc3 Nc6 6.Be2 e6 7.Be3 Be7 8.O-O O-O
9.f4 e5 10.Nb3 exf4 11.Rxf4 Nd7 12.Rf1 Nde5 13.Kh1 Be6 14.Nd5 Bg5 15.Bg1 Rc8
16.c3 Re8 17.a4 Bh6 18.Nd4 Qh4 19.Nf5 Bxf5 20.exf5 Nd7 21.b4 Qd8 22.a5 Ra8
23.Bb5 Nce5 24.Qa4 Kf8 25.Bxd7 Nxd7 26.Qb5 Ne5 27.Qxb7 Qh4 28.Rad1 Rad8 29.Qxa7 Ng4
30.a6 Re2 31.Qb7 Ne5 32.a7 Rxg2  1-0

[Event "Moscow op"]
[Site "Moscow"]
[Date "1995.??.??"]
[Round "2"]
[White "Gevorgjan, K."]
[Black "Kasimdzhanov, Rustam"]
[Result "1/2-1/2"]
[WhiteElo "2215"]
[BlackElo "2395"]

1.d4 d5 2.Nf3 c6 3.c4 Nf6 4.e3 e6 5.Nbd2 c5 6.Be2 cxd4 7.exd4 dxc4 8.O-O Be7
9.Nxc4 O-O 10.Nfe5 Nc6 11.Nxc6 bxc6 12.Ne5 Bb7 13.Bg5 Qc7 14.Rc1 Rad8 15.Qa4 c5
16.Bf3 Bxf3 17.Nxf3 Rd5 18.dxc5 Rxc5 19.Be3 Qa5 20.Qxa5 Rxa5 21.Rc7 Nd5 22.Rxa7 Rxa7
23.Bxa7 Ra8 24.Bd4 Rxa2 25.g3 f6 26.Rd1 Kf7 27.Kf1 Bb4 28.Ne1 Bxe1 29.Kxe1 Ra4
30.Ke2 g5 31.h3 Rb4 32.Bc3 Rb7 33.Rd4 h5 34.Ra4 Kg6 35.Kd3 Kf5 36.Rc4 Rd7
37.Ke2 Rh7 38.Bd2 Rf7 39.b4 g4 40.hxg4+ hxg4 41.f3 gxf3+ 42.Kxf3 Ra7 43.Bh6 Ra3+
44.Kf2 Rb3 45.Bf8 e5 46.Bd6 Ne3 47.Rc1 Ng4+ 48.Kg2 Rb2+ 49.Kg1 e4 50.Rf1+ Ke6
51.Bc5 Ne5 52.Rf2 Rb1+ 53.Rf1 Rb3 54.Kg2 Nd3 55.g4 Nxb4 56.Bd4 Nd5 57.Re1 Nf4+
58.Kh2 Rh3+ 59.Kg1 Rg3+ 60.Kf2 Rf3+ 61.Kg1 Kd5 62.Bxf6 e3 63.Bd8 Ke4 64.Bb6 e2  1/2-1/2

[Event "Asia-ch"]
[Site "Dubai"]
[Date "1996.??.??"]
[Round "?"]
[White "Kasimdzhanov, Rustam"]
[Black "Dzhumaev, Murat"]
[Result "1-0"]
[WhiteElo "2425"]
[BlackElo "2365"]

1.e4 e5 2.Bc4 Nf6 3.d3 c6 4.Nf3 Be7 5.O-O d6 6.Bb3 O-O 7.c3 Nbd7 8.Re1 h6
9.Nbd2 Re8 10.d4 Bf8 11.a4 Qc7 12.Bc2 d5 13.exd5 cxd5 14.dxe5 Nxe5 15.h3 Bd7
16.Nxe5 Rxe5 17.Rxe5 Qxe5 18.Nf3 Qh5 19.Bf4 Bf5 20.Bb3 Be4 21.Nd2 Qf5 22.Nxe4 dxe4
23.Qd2 Be7 24.Rd1 Rd8 25.Qxd8+ Bxd8 26.Rxd8+ Kh7 27.Be3 Qh5 28.Bc2 Qe2 29.Rd2 Qe1+
30.Kh2 a6 31.Bb3 Kg6 32.Rd6 Qa1 33.Rb6 Kh7 34.Bc2 Qf1 35.Rxb7 Qe2 36.Bb1 Qd1
37.Ba2 Qxa4 38.Bxf7 Qc6 39.Ra7 Qd6+ 40.g3 h5 41.Kg2 h4 42.g4 Nd7 43.g5 Ne5
44.Bh5 Ng6 45.Bxg6+ Kxg6 46.Rb7 Qd3 47.Rc7 Qd6  1-0

[Event "Asia-ch Boys"]
[Site "Macau"]
[Date "1996.??.??"]
[Round "?"]
[White "Kasimdzhanov, Rustam"]
[Black "Abdulla, Al Rakib"]
[Result "1-0"]
[WhiteElo "2425"]
[BlackElo "2195"]

1.e4 c6 2.d4 d5 3.Nc3 dxe4 4.Nxe4 Nd7 5.Ng3 Ngf6 6.Nf3 e6 7.Bd3 Be7 8.O-O O-O
9.c4 c5 10.b3 Qc7 11.Bb2 Re8 12.Re1 b6 13.d5 exd5 14.cxd5 Bd6 15.Rxe8+ Nxe8
16.Ng5 Ndf6 17.N5e4 Nxd5 18.Bc4  1-0

[Event "Asia-ch Boys"]
[Site "Macau"]
[Date "1996.??.??"]
[Round "?"]
[White "Kasimdzhanov, Rustam"]
[Black "Batzorig, Tuvshintogs"]
[Result "1-0"]
[WhiteElo "2425"]
[BlackElo "2185"]

1.Nf3 Nf6 2.b3 b6 3.g3 Bb7 4.Bg2 e6 5.Bb2 Be7 6.O-O O-O 7.c4 c5 8.e3 Nc6
9.Qe2 d5 10.d3 a6 11.Nbd2 Qc7 12.Rac1 Rad8 13.d4 cxd4 14.exd4 Qb8 15.Rfd1 Qa8
16.Nf1 Bd6 17.Ne3 Ne7 18.c5 Bc7 19.Ne5 Rc8 20.b4 Bxe5 21.dxe5 Nd7 22.cxb6 Nxb6
23.Bd4 Nd7 24.a4 Nc6 25.Qb2 Qb8 26.f4 Nxd4 27.Qxd4 Bc6 28.Ra1 Qb6 29.Bf1 Rb8
30.Qxb6 Rxb6 31.Nc2 Nb8 32.b5 Bd7 33.a5 Rb7 34.b6 f6 35.Nd4 fxe5 36.fxe5 Nc6
37.Bxa6 Rbb8 38.Nxc6 Bxc6 39.Rdc1 Bd7 40.Rc7 Rf7 41.Bb7 Bb5 42.a6 Bxa6 43.Rxa6  1-0

[Event "Asia-ch Boys"]
[Site "Macau"]
[Date "1996.??.??"]
[Round "?"]
[White "Kasimdzhanov, Rustam"]
[Black "Nguyen Anh Dung"]
[Result "1/2-1/2"]
[WhiteElo "2425"]
[BlackElo "2480"]

1.Nf3 Nf6 2.d4 c5 3.e3 d5 4.c4 e6 5.Nc3 Nc6 6.a3 cxd4 7.exd4 Be7 8.Bd3 dxc4
9.Bxc4 O-O 10.O-O b6 11.Bg5 Bb7 12.Re1 Rc8 13.Ba2 h6 14.Bh4 Nd5 15.Bg3 Na5
16.Qd3 Nxc3 17.bxc3 Bd5 18.Bb1 f5 19.Ne5 Bd6 20.Ng6 Rf7 21.Bxd6 Qxd6 22.Ba2 Bxa2
23.Rxa2 Kh7 24.Ne5 Rfc7 25.Qg3 Kg8 26.Ng6 Qxg3 27.hxg3 Kf7 28.Nf4 Rxc3 29.Rae2 Rc1
30.Rxe6 Rxe1+ 31.Rxe1 Rc3 32.Nd5 Rxa3 33.Re7+ Kg6 34.Rxa7 b5 35.Nf4+ Kh7
36.Nh5 Kg6 37.Nf4+ Kh7 38.d5 b4 39.d6 Nc6 40.Rc7 Nd8 41.Rc8 Nf7 42.d7 b3
43.Ne6 b2  1/2-1/2

[Event "Asia-ch Boys"]
[Site "Macau"]
[Date "1996.??.??"]
[Round "?"]
[White "Kostenko, Petr"]
[Black "Kasimdzhanov, Rustam"]
[Result "1-0"]
[WhiteElo "2265"]
[BlackElo "2425"]

1.e4 c5 2.Nf3 e6 3.d4 cxd4 4.Nxd4 Nf6 5.Nc3 d6 6.f4 Nc6 7.Be2 Be7 8.O-O Nxd4
9.Qxd4 O-O 10.Be3 Bd7 11.e5 Ne8 12.Rad1 Bc6 13.Nb5 dxe5 14.Qxd8 Bxd8 15.Nxa7 exf4
16.Bc5 Nf6 17.Nxc6 bxc6 18.Bxf8 Kxf8 19.Rxf4 Nd5 20.Rf3 Rxa2 21.Rb3 Bb6+
22.Kh1 Ne3 23.Rc1 Bd4 24.c3 Be5 25.g3 Nd5 26.Bf3 Ra4 27.Rb7 Rc4 28.Ra1 g5
29.Bh5 Kg7 30.Bxf7 Rxc3  1-0

[Event "Asia-ch Boys"]
[Site "Macau"]
[Date "1996.??.??"]
[Round "?"]
[White "Kunte, Abhijit"]
[Black "Kasimdzhanov, Rustam"]
[Result "0-1"]
[WhiteElo "2345"]
[BlackElo "2425"]

1.e4 e5 2.Nf3 Nc6 3.Bb5 a6 4.Ba4 Nf6 5.Qe2 Be7 6.c3 b5 7.Bb3 O-O 8.d4 d6
9.O-O Bg4 10.Rd1 Qc8 11.h3 Bh5 12.d5 Na5 13.Bc2 c6 14.dxc6 Qxc6 15.Bg5 Nc4
16.b3 Nb6 17.Bd3 Nbd7 18.a4 bxa4 19.Rxa4 Nc5 20.Rc4 Qb7 21.Rb4 Qc7 22.Bxf6 Bxf6
23.Bc4 a5 24.Rb5 Ne6 25.Nbd2 Nf4 26.Qe3 Rab8 27.Ra1 Rxb5 28.Bxb5 d5 29.g3 Nxh3+
30.Kh2 d4 31.cxd4 exd4 32.Nxd4 Qc5 33.Ra4 Rd8 34.e5 Bxe5 35.N2f3 Bxf3 36.Nxf3 Qxb5
37.Nxe5 Nxf2 38.Rd4 Re8 39.Qxf2 Qxe5 40.Ra4 h6 41.Ra2 Qh5+ 42.Kg2 Qd5+ 43.Qf3 Qxf3+
44.Kxf3 Rc8 45.Rxa5 Rc3+ 46.Kf4 Rxb3 47.Ra8+ Kh7 48.Ra7 Rb4+ 49.Kf5 Rb5+
50.Kf4 Kg6 51.Ra6+ f6 52.Ra7 h5 53.Kf3 Rb4 54.Rc7 f5 55.Kg2 h4  0-1